Network security : (Record no. 179684)

000 -LEADER
fixed length control field 01115 a2200277 4500
003 - CONTROL NUMBER IDENTIFIER
control field Nust
005 - DATE AND TIME OF LATEST TRANSACTION
control field 20221018161741.0
010 ## - LIBRARY OF CONGRESS CONTROL NUMBER
LC control number 2002281070
020 ## - INTERNATIONAL STANDARD BOOK NUMBER
International Standard Book Number 0130460192
040 ## - CATALOGING SOURCE
Transcribing agency Nust
082 00 - DEWEY DECIMAL CLASSIFICATION NUMBER
Classification number 005.8,KAU
100 1# - MAIN ENTRY--PERSONAL NAME
Personal name Kaufman, Charlie.
9 (RLIN) 100692
245 10 - TITLE STATEMENT
Title Network security :
Remainder of title private communication in a public world /
Statement of responsibility, etc. Charlie Kaufman, Radia Perlman, Mike Speciner.
250 ## - EDITION STATEMENT
Edition statement 2nd ed.
260 ## - PUBLICATION, DISTRIBUTION, ETC.
Place of publication, distribution, etc. Upper Saddle River, NJ :
Name of publisher, distributor, etc. Prentice Hall PTR,
Date of publication, distribution, etc. c2002.
300 ## - PHYSICAL DESCRIPTION
Extent xxvi, 713 p. :
Other physical details ill. ;
Dimensions 25 cm.
440 #0 - SERIES STATEMENT/ADDED ENTRY--TITLE
Title Prentice Hall series in computer networking and distributed systems
9 (RLIN) 95366
505 ## - FORMATTED CONTENTS NOTE
Formatted contents note Introduction (Page-1), Cryptography (Page-41), Authentication (Page-215), Standards (Page-307), Electronic Mail (Page-501), Leftovers (Page-585) .
650 #0 - SUBJECT ADDED ENTRY--TOPICAL TERM
Topical term or geographic name entry element Computer networks
General subdivision Security measures.
9 (RLIN) 466
650 #0 - SUBJECT ADDED ENTRY--TOPICAL TERM
Topical term or geographic name entry element Computer security.
9 (RLIN) 570
650 #0 - SUBJECT ADDED ENTRY--TOPICAL TERM
Topical term or geographic name entry element Computers
General subdivision Access control.
9 (RLIN) 6085
650 #0 - SUBJECT ADDED ENTRY--TOPICAL TERM
Topical term or geographic name entry element Electronic data processing departments
General subdivision Security measures.
9 (RLIN) 95063
700 1# - ADDED ENTRY--PERSONAL NAME
Personal name Perlman, Radia.
9 (RLIN) 56421
700 1# - ADDED ENTRY--PERSONAL NAME
Personal name Speciner, Michael.
9 (RLIN) 100693
942 ## - ADDED ENTRY ELEMENTS (KOHA)
Source of classification or shelving scheme
Koha item type Book
Call number prefix 005.8,KAU
Holdings
Withdrawn status Lost status Source of classification or shelving scheme Damaged status Not for loan Permanent Location Current Location Shelving location Date acquired Total Checkouts Full call number Barcode Date last seen Date last checked out Price effective from Koha item type Public note
          Military College of Signals (MCS) Military College of Signals (MCS) General Stacks 12/12/2016 1 005.8,KAU MCS30664 06/14/2023 06/13/2023 12/12/2016 Book Almirah No.9, Shelf No.1
© 2023 Central Library, National University of Sciences and Technology. All Rights Reserved.